000 00413nam a2200181Ia 4500
001 527
005 20260306140524.0
008 260306t2004||||xx |||||||||||||| ||spa||
041 _aESP
082 _a123.5
_bF11
100 _aFabro, Cornelio
_eAUT
245 0 _aRiflessioni sulla libertá
260 _c2004
300 _a339 páginas :
_c24 cm.
650 _aGEN
654 _aCHU
942 _cLIB
_dJUS
_fJUS
_2ddc
_n
999 _c527
_d527